Machine age Maya : the industrialization of Guatemalan community /

Bibliographic Details
Main Author: Nash, Manning
Format: Book
Language:English
Published: Chicago : University of Chicago Press, 1967.
Subjects:

MARC

Tag First Indicator Second Indicator Subfields
LEADER 00000cam a22000001 4500
001 in00000068281
005 20151008051947.0
008 740610s1967 iluae b 00000 eng
010 |a  67020810  
015 |a GB68-3858 
019 |a 18611758 
035 |a (OCoLC)00173334 
035 |a 9 AAH0955AM 
040 |a DLC  |c DLC  |d TXA  |d UtOrBLW 
043 |a ncgt--- 
049 |a TXAM 
050 1 4 |a GN2  |b .A22 no. 87 
050 0 0 |a HC144.Z7  |b C35 1967 
082 0 |a 301.2/4 
100 1 |a Nash, Manning. 
245 1 0 |a Machine age Maya :  |b the industrialization of Guatemalan community /  |c Manning Nash. 
264 1 |a Chicago :  |b University of Chicago Press,  |c 1967. 
300 |a xv, 155 pages :  |b illustrations, plans ;  |c 21 cm. 
336 |a text  |b txt  |2 rdacontent 
337 |a unmediated  |b n  |2 rdamedia 
338 |a volume  |b nc  |2 rdacarrier 
504 |a Includes bibliographical references (pages 151-153) and index. 
651 0 |a Cantel (Guatemala) 
650 0 |a Industrialization  |v Case studies. 
944 |a stk  |h REPL<97515>REP-LATEST<>REF<warant>  |m Replacement on order 
999 |a MARS 
999 f f |s f776dc5e-f7cc-3555-a2db-7fbdfbbff967  |i be6c9afb-30bf-3b4e-996e-3576a93dc42c  |t 0 
952 f f |p normal  |a Texas A&M University  |b College Station  |c Sterling C. Evans Library  |d Evans: Library Stacks  |t 0  |e HC144.Z7 C35 1967  |h Library of Congress classification  |i unmediated -- volume  |m A14800720819 
952 f f |p ric  |a Texas A&M University  |b Rellis Campus  |c Joint Library Facility  |d Remote Storage  |t 0  |e HC144.Z7 C35 1967  |h Library of Congress classification  |i unmediated -- volume  |m A14837355467 
998 f f |a HC144.Z7 C35 1967  |t 0  |l Evans: Library Stacks 
998 f f |a HC144.Z7 C35 1967  |t 0  |l Remote Storage